00480 a2200181 450000100060000002000150000604000240002110000190004524000270006424500220009130000070011336200090012044000130012965000310014294200070017395201010018099900170028170082 a8535609504 cAnchieta - Itaigara aNoronha, Diana10aO trator narigudolpor10aO trator narigudo a230 a2003 1aPaulinas 4aLiteratura infanto-juvenil cBK 00104070a88.1b88.1d2023-11-21l0o028.5 TRAp3139/ITAr2023-11-21 20:04:56w2023-11-21yBK c70082d70082